| 000 | 00684nam a2200253 a 4500 | ||
|---|---|---|---|
| 005 | 20210219153019.0 | ||
| 008 | 991125n 000 0 u | ||
| 035 | _aUPN01000073160 | ||
| 100 | 1 | _aGraham, Joan | |
| 100 | 1 | _aFraser, Brian | |
| 222 | 0 | _aBRITISH JOURNAL OF SPECIAL EDUCATION | |
| 245 | 0 | 0 | _aDoes the acoustic environment make a difference? |
| 260 | _aReino Unido | ||
| 300 | _a112-115 | ||
| 362 | 0 | _a1992 Vol. 19, no. 3, sept. | |
| 653 | 0 | _aACUSTICA | |
| 653 | 0 | _aAMBIENTE ACUSTICO | |
| 653 | 0 | _aAUDICION PARCIAL | |
| 653 | 0 | _aPERCEPCION AUDITIVA | |
| 653 | 0 | _aSONIDO (SONORO) | |
| 653 | 0 | _aSORDERA-CEGUERA | |
| 904 |
_aAC _b010971 |
||
| 905 | _aArticulo | ||
| 999 |
_c66264 _d66264 |
||